14 ปีรัฐศาสตร์ มสธ. รวมบทความวิชาการรัฐศาสตร์ (ระเบียนเลขที่ 5318)
| 000 -LEADER | |
|---|---|
| fixed length control field | 01516nam a22003017a 4500 |
| 005 - DATE AND TIME OF LATEST TRANSACTION | |
| control field | 20210325174925.0 |
| 008 - FIXED-LENGTH DATA ELEMENTS--GENERAL INFORMATION | |
| fixed length control field | th tha d |
| 041 ## - LANGUAGE CODE | |
| Language code of text/sound track or separate title | tha |
| 050 ## - LIBRARY OF CONGRESS CALL NUMBER | |
| Classification number | JA49 ส747 |
| 245 10 - TITLE STATEMENT | |
| Title | 14 ปีรัฐศาสตร์ มสธ. รวมบทความวิชาการรัฐศาสตร์ |
| 260 3# - PUBLICATION, DISTRIBUTION, ETC. | |
| Place of publication, distribution, etc. | กรุงเทพฯ : |
| Name of publisher, distributor, etc. | พิมพ์อักษร, |
| Date of publication, distribution, etc. | ม.ป.ป. |
| 300 ## - PHYSICAL DESCRIPTION | |
| Extent | 212 หน้า : |
| Other physical details | ตาราง ; |
| Dimensions | 26 ซม. |
| 650 04 - SUBJECT ADDED ENTRY--TOPICAL TERM | |
| Topical term or geographic name entry element | สัญลักษณ์ทางการเมือง |
| 650 04 - SUBJECT ADDED ENTRY--TOPICAL TERM | |
| Topical term or geographic name entry element | สัญลักษณ์ |
| 650 04 - SUBJECT ADDED ENTRY--TOPICAL TERM | |
| Topical term or geographic name entry element | พม่า -- การเมืองและการปกครอง |
| 650 04 - SUBJECT ADDED ENTRY--TOPICAL TERM | |
| Topical term or geographic name entry element | สาธารณภัย -- การบริหารจัดการ |
| 650 04 - SUBJECT ADDED ENTRY--TOPICAL TERM | |
| Topical term or geographic name entry element | บริการประชาชน |
| 650 04 - SUBJECT ADDED ENTRY--TOPICAL TERM | |
| Topical term or geographic name entry element | การกระจายอำนาจปกครอง |
| 650 04 - SUBJECT ADDED ENTRY--TOPICAL TERM | |
| Topical term or geographic name entry element | สื่อมวลชนกับการเมือง -- ไทย |
| 650 04 - SUBJECT ADDED ENTRY--TOPICAL TERM | |
| Topical term or geographic name entry element | นักการเมือง |
| 650 04 - SUBJECT ADDED ENTRY--TOPICAL TERM | |
| Topical term or geographic name entry element | รัฐธรรมนูญไทย -- 2534 -- วิเคราะห์ |
| 650 04 - SUBJECT ADDED ENTRY--TOPICAL TERM | |
| Topical term or geographic name entry element | ประธานสภาผู้แทนราษฎร -- อำนาจหน้าที่ |
| 650 04 - SUBJECT ADDED ENTRY--TOPICAL TERM | |
| Topical term or geographic name entry element | รัฐศาสตร์ -- รวมเรื่อง |
| 850 ## - HOLDING INSTITUTION | |
| Holding institution | NALT |
| 942 ## - ADDED ENTRY ELEMENTS (KOHA) | |
| Koha item type | General Book |
| 997 ## - | |
| -- | 000000000005318 |
| 998 ## - LOCAL CONTROL INFORMATION (RLIN) | |
| -- | นางสาวเบญจลักษณ์ สุทธิวิไล |
| Withdrawn status | Lost status | Damaged status | Not for loan | Collection code | Home library | Current library | Total Checkouts | Full call number | Barcode | Date last seen | Price effective from | Koha item type |
|---|---|---|---|---|---|---|---|---|---|---|---|---|
| General Book collection | National Assembly Library of Thailand | National Assembly Library of Thailand | JA 49 ส747 | 3961107407 | 10/09/2024 | 09/06/2017 | General Book |
